[Event "12th Philadelphia International"]
[Site "Philadelphia"]
[Date "2018.06.30"]
[Round "5"]
[White "Polgar-Shutzman, Tom"]
[Black "Colas, Joshua"]
[Result "1/2-1/2"]
[WhiteElo "2081"]
[BlackElo "2285"]
[PlyCount "99"]
[EventDate "2018.06.??"]
[EventType "swiss"]
[EventRounds "9"]
[EventCountry "USA"]

1. e4 c6 2. Nf3 d5 3. Nc3 g6 4. d4 dxe4 5. Nxe4 Bg7 6. Bc4 Nh6 7. c3 O-O 8. O-O
Nd7 9. Re1 Nb6 10. Bb3 Nd5 11. Ng3 Kh8 12. Bg5 f6 13. Bd2 Nf7 14. Qe2 Re8 15.
c4 Nc7 16. Bc3 Nd6 17. Rad1 Be6 18. Ne4 Nxe4 19. Qxe4 Qd7 20. d5 cxd5 21. cxd5
Bf7 22. d6 Bxb3 23. axb3 exd6 24. Qxb7 Reb8 25. Qe4 Rxb3 26. Qf4 g5 27. Rxd6
Qc8 28. Qc4 Rb6 29. Rxb6 axb6 30. Qf7 h6 31. Bxf6 Qf8 32. Bxg7+ Qxg7 33. Qxg7+
Kxg7 34. h4 Kf6 35. hxg5+ hxg5 36. Rc1 Nd5 37. Rc6+ Kf5 38. Rd6 Ra5 39. Kh2 g4
40. Nd2 Rb5 41. Nc4 Ke4 42. Rg6 Kf4 43. Rd6 Ke4 44. Kg3 Rb4 45. Nd2+ Ke5 46.
Rc6 b5 47. Rc2 Ne7 48. f4+ Kd4 49. Nf1 Nd5 50. Rd2+ 1/2-1/2

[Event "12th Philadelphia International"]
[Site "Philadelphia"]
[Date "2018.06.30"]
[Round "5"]
[White "Plotkin, Mark"]
[Black "Mathur, Rithwik"]
[Result "1-0"]
[WhiteElo "2250"]
[BlackElo "2095"]
[PlyCount "71"]
[EventDate "2018.06.??"]
[EventType "swiss"]
[EventRounds "9"]
[EventCountry "USA"]

1. Nf3 Nf6 2. g3 d5 3. Bg2 e6 4. O-O c5 5. d3 Nc6 6. Nbd2 g6 7. e4 Bg7 8. Qe2
O-O 9. Re1 a5 10. Nf1 b5 11. e5 Ng4 12. Bf4 f6 13. exf6 Qxf6 14. Bd6 Re8 15.
Bxc5 Qxb2 16. d4 Nxd4 17. Nxd4 Bxd4 18. Rab1 Qc3 19. Qxb5 Rf8 20. Bxf8 Bxf2+
21. Kh1 Kxf8 22. Qe2 Bxe1 23. Qxg4 Qe5 24. Qf3+ Kg7 25. Ne3 Bb4 26. a3 Bc5 27.
Ng4 Qf5 28. Qc3+ d4 29. Qd2 Ra7 30. h3 g5 31. Rf1 Qg6 32. Ne5 Qh6 33. Qd3 Ba6
34. c4 dxc3 35. Qxc3 Bxf1 36. Ng4+ 1-0

[Event "12th Philadelphia International"]
[Site "Philadelphia"]
[Date "2018.06.30"]
[Round "5"]
[White "Shaffer, Alexander"]
[Black "Somalwar, Anaiy"]
[Result "1/2-1/2"]
[WhiteElo "1955"]
[BlackElo "1970"]
[PlyCount "83"]
[EventDate "2018.06.??"]
[EventType "swiss"]
[EventRounds "9"]
[EventCountry "USA"]

1. e4 c5 2. Nf3 e6 3. d4 cxd4 4. Nxd4 Nc6 5. Nb5 d6 6. c4 a6 7. N5c3 Nf6 8. Be2
Be7 9. O-O b6 10. Be3 Bb7 11. f3 Qc7 12. Na3 O-O 13. Rc1 Ne5 14. Qb3 Ned7 15.
Na4 Rab8 16. Rfd1 Bc6 17. Nc3 Ba8 18. Bf1 Ne8 19. Nab1 Kh8 20. Qc2 Ne5 21. Qf2
f5 22. exf5 Rxf5 23. Qg3 Rh5 24. Nd2 Bh4 25. Qf4 Qe7 26. Bf2 Bg5 27. Qd4 Bxd2
28. Rxd2 Bxf3 29. Bg3 Bc6 30. Ne4 Bxe4 31. Qxe4 Nf7 32. Re1 e5 33. Qc6 Rh6 34.
Red1 Nd8 35. Qd5 Ne6 36. Bf2 Nf4 37. Qf3 Rg6 38. Kh1 Qb7 39. Qxb7 Rxb7 40. g3
Ne6 41. Bg2 Rb8 42. b4 1/2-1/2

[Event "12th Philadelphia International"]
[Site "Philadelphia"]
[Date "2018.07.01"]
[Round "6.1"]
[White "Vorontsov, Pavlo"]
[Black "Sevian, Samuel"]
[Result "1/2-1/2"]
[WhiteElo "2564"]
[BlackElo "2624"]
[PlyCount "37"]
[EventDate "2018.06.??"]
[EventType "swiss"]
[EventRounds "9"]
[EventCountry "USA"]

1. d4 Nf6 2. c4 e6 3. Nc3 Bb4 4. e3 O-O 5. Bd3 d5 6. Nge2 dxc4 7. Bxc4 b6 8. a3
Be7 9. O-O Bb7 10. b4 Nbd7 11. Qb3 Qc8 12. Rb1 a5 13. Bd2 axb4 14. axb4 Ne8 15.
Rfc1 Nd6 16. Bd3 c5 17. bxc5 bxc5 18. Nb5 Nxb5 19. Bxb5 1/2-1/2

[Event "12th Philadelphia International"]
[Site "Philadelphia"]
[Date "2018.07.01"]
[Round "6.2"]
[White "Peng, David"]
[Black "Kovalyov, Anton"]
[Result "0-1"]
[WhiteElo "2363"]
[BlackElo "2651"]
[PlyCount "46"]
[EventDate "2018.06.??"]
[EventType "swiss"]
[EventRounds "9"]
[EventCountry "USA"]

1. e4 c5 2. Nf3 d6 3. d4 cxd4 4. Nxd4 Nf6 5. Nc3 a6 6. Nb3 Nc6 7. Be3 e6 8. a4
b6 9. Be2 Be7 10. O-O O-O 11. f4 Bb7 12. Bf3 Nd7 13. g4 Nc5 14. Bg2 Re8 15. Nc1
Rc8 16. N1e2 Nb4 17. Ng3 d5 18. exd5 exd5 19. Nf5 Bf8 20. Re1 g6 21. Nd4 Bg7
22. Rc1 Nbd3 23. cxd3 Rxe3 0-1

[Event "12th Philadelphia International"]
[Site "Philadelphia"]
[Date "2018.07.01"]
[Round "6.3"]
[White "Puranik, Abhimanyu"]
[Black "Liang, Awonder"]
[Result "1-0"]
[WhiteElo "2507"]
[BlackElo "2571"]
[PlyCount "107"]
[EventDate "2018.06.??"]
[EventType "swiss"]
[EventRounds "9"]
[EventCountry "USA"]

1. e4 e5 2. Nf3 Nc6 3. Bb5 a6 4. Ba4 Nf6 5. O-O Be7 6. d3 b5 7. Bb3 d6 8. c3
O-O 9. Re1 Na5 10. Bc2 c5 11. Nbd2 Re8 12. Nf1 h6 13. Ng3 Nc6 14. h3 Bf8 15. d4
cxd4 16. cxd4 exd4 17. Nxd4 Bb7 18. Nxc6 Bxc6 19. Bf4 Rc8 20. Qd3 g6 21. Bb3
Bg7 22. Rad1 d5 23. e5 Nd7 24. e6 Rxe6 25. Rxe6 fxe6 26. Qxg6 Qe8 27. Qg4 Nf6
28. Qe2 Bd7 29. Be5 Qg6 30. Rd4 Kh8 31. Qe3 a5 32. a3 Qg5 33. Bf4 Qg6 34. Be5
Qg5 35. Rf4 Nh5 36. Bxg7+ Nxg7 37. h4 Qg6 38. Kh2 a4 39. Bd1 Rc4 40. Rf8+ Kh7
41. f4 Rc8 42. h5 Qb1 43. Be2 Rxf8 44. Bd3+ Qxd3 45. Qxd3+ Kg8 46. Qg6 Rxf4 47.
Qxh6 Rg4 48. Qf6 Kh7 49. Qe7 Be8 50. Kh3 Rf4 51. Qg5 Bd7 52. h6 e5+ 53. Kh2 Rg4
54. Qe7 1-0

[Event "12th Philadelphia International"]
[Site "Philadelphia"]
[Date "2018.07.01"]
[Round "6.4"]
[White "Erenburg, Sergey"]
[Black "Shtembuliak, Evgeny"]
[Result "1/2-1/2"]
[WhiteElo "2563"]
[BlackElo "2506"]
[PlyCount "78"]
[EventDate "2018.06.??"]
[EventType "swiss"]
[EventRounds "9"]
[EventCountry "USA"]

1. e4 e6 2. d4 d5 3. Nd2 c5 4. Ngf3 Nc6 5. exd5 exd5 6. Bb5 Qe7+ 7. Be2 Nf6 8.
O-O Qc7 9. dxc5 Bxc5 10. Nb3 Be7 11. Bg5 O-O 12. c3 Be6 13. Nfd4 Rae8 14. Re1
Ne4 15. Bxe7 Rxe7 16. Bd3 Bc8 17. Qc2 Rfe8 18. f3 Nf6 19. Rxe7 Rxe7 20. Nxc6
bxc6 21. Qf2 g6 22. Rd1 Qb6 23. c4 dxc4 24. Bxc4 Be6 25. Re1 Qb4 26. Bxe6 Rxe6
27. Rxe6 fxe6 28. Qe3 Qd6 29. Qd4 Nd5 30. Qxa7 Nf4 31. Qe3 Qd1+ 32. Kf2 e5 33.
Qd2 Qh1 34. Qd8+ Kf7 35. Qd7+ Kf6 36. Qd6+ Kf7 37. Qd7+ Kf6 38. Qd8+ Kf7 39.
Qd7+ Kf6 1/2-1/2

[Event "12th Philadelphia International"]
[Site "Philadelphia"]
[Date "2018.07.01"]
[Round "6"]
[White "Checa, Nicolas"]
[Black "Lindgren, Philip"]
[Result "0-1"]
[WhiteElo "2479"]
[BlackElo "2394"]
[PlyCount "108"]
[EventDate "2018.06.??"]
[EventType "swiss"]
[EventRounds "9"]
[EventCountry "USA"]

1. d4 Nf6 2. c4 e6 3. Nf3 d5 4. Nc3 Nbd7 5. cxd5 exd5 6. Bf4 c6 7. e3 Nh5 8.
Bg5 Be7 9. Bxe7 Qxe7 10. Be2 Nhf6 11. O-O Nb6 12. a3 Bf5 13. b4 a6 14. Qb3 O-O
15. Rfc1 Nbd7 16. Na4 b5 17. Nc5 Nb6 18. Ne5 Rfc8 19. a4 Qe8 20. g4 Bg6 21. h4
h6 22. axb5 axb5 23. Nxg6 fxg6 24. Qd1 Nc4 25. Bxc4 bxc4 26. Ra5 Ne4 27. Qf3
Rxa5 28. bxa5 Nxc5 29. dxc5 Qe7 30. a6 Qxc5 31. Ra1 Rf8 32. Qg3 c3 33. a7 c2
34. a8=Q c1=Q+ 35. Kg2 Q1c2 36. Qa4 Qe2 37. Rd1 Qcc2 38. Qxc2 Qxc2 39. Re1 c5
40. e4 dxe4 41. Qe3 c4 42. Re2 Qd3 43. Qxe4 Qxe4+ 44. Rxe4 Rc8 45. Re2 c3 46.
Rc2 Kf7 47. Kf3 Ke6 48. Ke4 Rc4+ 49. Kd3 Kd5 50. f3 Rd4+ 51. Ke3 Kc4 52. Ra2
Rd7 53. Ra6 Re7+ 54. Kf2 Kb5 0-1

[Event "12th Philadelphia International"]
[Site "Philadelphia"]
[Date "2018.07.01"]
[Round "6"]
[White "Mandizha, Farai"]
[Black "Nestorovic, Nikola"]
[Result "0-1"]
[WhiteElo "2390"]
[BlackElo "2476"]
[PlyCount "104"]
[EventDate "2018.06.??"]
[EventType "swiss"]
[EventRounds "9"]
[EventCountry "USA"]

1. d4 Nf6 2. c4 c5 3. dxc5 Na6 4. Be3 e6 5. g3 h5 6. h3 Nxc5 7. Bg2 Qa5+ 8. Nd2
d6 9. a3 Qc7 10. b4 Ncd7 11. Ngf3 Be7 12. Nd4 a6 13. O-O O-O 14. Rc1 Re8 15. a4
Ne5 16. a5 Bd7 17. b5 Ng6 18. N2b3 Rac8 19. Nf3 Qb8 20. bxa6 bxa6 21. Rb1 Qc7
22. Nfd2 Bc6 23. Bxc6 Qxc6 24. Nd4 Qa8 25. Qa4 Ne5 26. Rfc1 Ned7 27. Bg5 Nc5
28. Qc2 Bd8 29. Bxf6 Bxf6 30. N4b3 d5 31. e3 h4 32. gxh4 Red8 33. Nd4 e5 34.
N4b3 e4 35. Nxc5 Rxc5 36. h5 Qc8 37. Kg2 Qf5 38. Rg1 Bh4 39. Rbf1 Rd6 40. Kh2
Qe5+ 41. Kh1 Re6 42. Rg4 Qxh5 43. Rfg1 Bxf2 44. Rxg7+ Kf8 45. Rg8+ Ke7 46. R1g2
Qxh3+ 47. Rh2 Qxe3 48. Rh7 Rcc6 49. Qb1 Qe1+ 50. Qxe1 Bxe1 51. cxd5 Rh6+ 52.
Kg2 Rcg6+ 0-1

[Event "12th Philadelphia International"]
[Site "Philadelphia"]
[Date "2018.07.01"]
[Round "6"]
[White "Panchanatham, Vignesh"]
[Black "Lin, Dachey"]
[Result "1-0"]
[WhiteElo "2431"]
[BlackElo "2240"]
[PlyCount "83"]
[EventDate "2018.06.??"]
[EventType "swiss"]
[EventRounds "9"]
[EventCountry "USA"]

1. d4 g6 2. c4 Bg7 3. e4 c5 4. d5 d6 5. Bd3 Nf6 6. Nc3 O-O 7. f4 e6 8. Nf3 exd5
9. cxd5 b5 10. O-O a6 11. h3 Ra7 12. Bc2 b4 13. Ne2 Re8 14. Ng3 Nbd7 15. Re1
Nb6 16. Rb1 a5 17. b3 a4 18. Bb2 axb3 19. axb3 Ra2 20. Qc1 Bd7 21. Bd3 Qc8 22.
Re2 Qa8 23. Nd2 Qa5 24. Nc4 Nxc4 25. Bxc4 Qa8 26. Qd1 Bc8 27. e5 Nd7 28. exd6
Rd8 29. Bxg7 Kxg7 30. Re7 Nf6 31. Qe1 Qb8 32. Ne4 Nxe4 33. Qxe4 Qxd6 34. Qe5+
Qxe5 35. fxe5 Bf5 36. Rf1 h5 37. d6 Rd2 38. Rxf7+ Kh6 39. Re1 Ra8 40. e6 Raa2
41. Bf1 c4 42. Rxf5 1-0

[Event "12th Philadelphia International"]
[Site "Philadelphia"]
[Date "2018.07.01"]
[Round "6"]
[White "Pedersen, Christian Kyndel"]
[Black "Plotkin, Mark"]
[Result "0-1"]
[WhiteElo "2426"]
[BlackElo "2250"]
[PlyCount "106"]
[EventDate "2018.06.??"]
[EventType "swiss"]
[EventRounds "9"]
[EventCountry "USA"]

1. d4 g6 2. c4 Bg7 3. g3 Nf6 4. Bg2 O-O 5. Nf3 d6 6. O-O c6 7. Nc3 Nbd7 8. e4
e5 9. h3 Qc7 10. Re1 Re8 11. Be3 b6 12. d5 cxd5 13. cxd5 Nc5 14. Qb1 Ba6 15.
Rd1 Qd7 16. a4 Nb3 17. Ra3 Na5 18. Bc1 Nc4 19. Ra1 Rac8 20. Kh2 Na5 21. Ra3 Rc7
22. b4 Nc4 23. Rb3 Rec8 24. b5 Na5 25. Rb4 Bb7 26. Na2 Rc2 27. Bd2 Nxe4 28.
Nxe5 Nxd2 29. Rxd2 Rxd2 30. Nxd7 Rxf2 31. Rf4 Rb2 32. Qe1 Rxa2 33. Rf2 Rxf2 34.
Qxf2 Nc4 35. Nf6+ Kh8 36. g4 Ne5 37. g5 Bf8 38. Ne4 Bxd5 39. Nxd6 Ng4+ 40. hxg4
Bxd6+ 41. Kh3 Rc3+ 42. Kh4 Bg3+ 43. Qxg3 Rxg3 44. Kxg3 Bxg2 45. Kxg2 Kg7 46.
Kf3 f6 47. Ke4 fxg5 48. Kd5 h5 49. Kc6 hxg4 50. Kb7 g3 51. Kxa7 g2 52. Kxb6
g1=Q+ 53. Ka6 Qf1 0-1

[Event "12th Philadelphia International"]
[Site "Philadelphia"]
[Date "2018.07.01"]
[Round "6"]
[White "Oconnor, Derek"]
[Black "Lokander, Martin"]
[Result "0-1"]
[WhiteElo "2245"]
[BlackElo "2386"]
[PlyCount "134"]
[EventDate "2018.06.??"]
[EventType "swiss"]
[EventRounds "9"]
[EventCountry "USA"]

1. d4 d5 2. c4 c6 3. Nf3 Nf6 4. e3 e6 5. b3 Nbd7 6. Bb2 Bd6 7. Bd3 O-O 8. O-O
b6 9. Nbd2 Bb7 10. Ne5 c5 11. f4 Ne4 12. cxd5 Nxd2 13. Qxd2 Bxd5 14. Nc4 Be7
15. Qc2 h6 16. Qe2 cxd4 17. Bxd4 Bf6 18. Bxf6 Qxf6 19. e4 Bxc4 20. Bxc4 Qd4+
21. Kh1 Nc5 22. Rae1 Rad8 23. f5 Qe5 24. b4 Nd7 25. fxe6 fxe6 26. Qg4 Rfe8 27.
Qg6 Kh8 28. Bb3 Nf6 29. Rf3 Rf8 30. Ref1 a5 31. bxa5 bxa5 32. Qg3 Qxg3 33. hxg3
e5 34. Bd5 Rd6 35. Ra3 Ra6 36. Rb1 Rd8 37. Rb5 Rc8 38. Rb1 Rc5 39. Rd3 Rb6 40.
Rbd1 Rb2 41. Rb3 Rxb3 42. axb3 h5 43. Kg1 Kh7 44. Rf1 Kh6 45. Rf5 Kg6 46. g4
Rc1+ 47. Kf2 Nxg4+ 48. Kg3 Kh6 49. Rf3 g6 50. Be6 Kg5 51. Bxg4 h4+ 52. Kh2 Kxg4
53. Rf6 g5 54. Rf5 Rc5 55. Kg1 Rb5 56. Kh2 Kh5 57. Kg1 Kg6 58. Kh2 g4 59. Rf8
Rxb3 60. Rg8+ Kh5 61. Re8 Rb5 62. Rf8 a4 63. Ra8 Rb4 64. Ra5 Rxe4 65. Kg1 g3
66. Kf1 Kg4 67. Ra8 Kf4 0-1

[Event "12th Philadelphia International"]
[Site "Philadelphia"]
[Date "2018.07.01"]
[Round "6"]
[White "King, Alexander"]
[Black "Mulyar, Michael"]
[Result "1/2-1/2"]
[WhiteElo "2236"]
[BlackElo "2385"]
[PlyCount "115"]
[EventDate "2018.06.??"]
[EventType "swiss"]
[EventRounds "9"]
[EventCountry "USA"]

1. d4 d5 2. c4 c6 3. Nf3 Nf6 4. e3 Bg4 5. Qb3 Qb6 6. Nc3 e6 7. Nh4 Bh5 8. h3
Be7 9. g4 Qxb3 10. axb3 Bg6 11. Nxg6 hxg6 12. f3 Nbd7 13. Bd2 a6 14. O-O-O
O-O-O 15. Bg2 Nb6 16. c5 Nbd7 17. f4 Rh7 18. Kc2 Rdh8 19. Ra1 Ne8 20. b4 Nc7
21. Rhf1 f5 22. g5 Nb5 23. Ne2 Bd8 24. Be1 Nf8 25. h4 Kd7 26. Bf3 Be7 27. Bf2
Bd8 28. Nc1 Kc8 29. Nd3 Bc7 30. Rh1 Kd7 31. Rh3 Kc8 32. Be2 Kd7 33. Rah1 Ke7
34. Bg3 Kd7 35. R3h2 Kc8 36. Nc1 Na7 37. Kd3 Bb8 38. Be1 Nb5 39. Bd2 Bc7 40.
Bd1 Bd8 41. Ne2 Bc7 42. Rh3 Bd8 43. Ng3 Be7 44. Bc2 Kd8 45. Ke2 Nc7 46. Kf3 Ke8
47. Kg2 Kf7 48. Bd3 Bd8 49. Be2 Be7 50. Be1 Bd8 51. Bf3 Be7 52. Ne2 Nd7 53. Nc1
Bd8 54. Nb3 Nb5 55. Be2 Na7 56. Bg3 Bc7 57. Ra1 Nb8 58. Rah1 1/2-1/2

[Event "12th Philadelphia International"]
[Site "Philadelphia"]
[Date "2018.07.01"]
[Round "6"]
[White "Aaron, Deepak"]
[Black "Chasin, Nico"]
[Result "0-1"]
[WhiteElo "2338"]
[BlackElo "2123"]
[PlyCount "122"]
[EventDate "2018.06.??"]
[EventType "swiss"]
[EventRounds "9"]
[EventCountry "USA"]

1. e4 c5 2. Nf3 e6 3. d4 cxd4 4. Nxd4 Nc6 5. Nc3 Qc7 6. Nb3 a6 7. Bd3 b5 8. Qe2
Nf6 9. f4 d6 10. O-O Be7 11. Bd2 Bb7 12. Rae1 Nd7 13. Nd1 O-O 14. Rf3 g6 15.
Rh3 Rfe8 16. Nf2 Bf8 17. Ng4 f5 18. Nf2 Nf6 19. Bc3 Qf7 20. a3 fxe4 21. Bxe4
Bg7 22. Bxc6 Bxc6 23. Bxf6 Qxf6 24. Nd3 Bd5 25. Nbc1 a5 26. Kh1 Qf5 27. Rg3 Bf6
28. Rf1 h5 29. h3 Kh7 30. Qd1 h4 31. Rg4 Rac8 32. Ne2 Be4 33. Ne1 Qd5 34. Qc1
Bf5 35. Nf3 Rxc2 36. Qe1 Bxg4 37. hxg4 Qe4 38. g5 Qxe2 39. Qxe2 Rxe2 40. gxf6
Rf8 41. Ng5+ Kg8 42. f7+ Rxf7 43. Nxf7 Kxf7 44. b4 axb4 45. axb4 Re4 46. Kh2
Rxb4 47. Kh3 Kf6 48. Rd1 d5 49. g3 hxg3 50. Kxg3 g5 51. fxg5+ Kxg5 52. Kf3 Kf5
53. Ke3 Re4+ 54. Kd3 Rc4 55. Rh1 e5 56. Rh5+ Ke6 57. Rh6+ Kd7 58. Rb6 b4 59.
Ra6 Kc7 60. Re6 e4+ 61. Kd2 b3 0-1

[Event "12th Philadelphia International"]
[Site "Philadelphia"]
[Date "2018.07.01"]
[Round "6"]
[White "Daggupati, Balaji"]
[Black "Flom, Gabriel"]
[Result "0-1"]
[WhiteElo "2268"]
[BlackElo "2512"]
[PlyCount "94"]
[EventDate "2018.06.??"]
[EventType "swiss"]
[EventRounds "9"]
[EventCountry "USA"]

1. e4 c5 2. Nf3 e6 3. d4 cxd4 4. Nxd4 a6 5. Be2 Nf6 6. Nc3 Qc7 7. O-O b5 8. Bf3
e5 9. Nf5 b4 10. Na4 Bb7 11. Re1 Bc6 12. c4 d6 13. a3 a5 14. axb4 axb4 15. Bd2
Na6 16. Be3 Nd7 17. Bd2 g6 18. Ne3 Bh6 19. Nd5 Bxd5 20. Bxh6 Bc6 21. Bg4 Rg8
22. Be3 f5 23. exf5 gxf5 24. Bf3 Nac5 25. Bd5 O-O-O 26. Nxc5 dxc5 27. Bxg8 Rxg8
28. f3 Qb7 29. Kf1 f4 30. Bc1 Rf8 31. Qd3 e4 32. Rxe4 Bxe4 33. fxe4 f3 34. g3
Re8 35. Qd5 Qxd5 36. exd5 Re2 37. Bf4 Nf6 38. Ra8+ Kb7 39. Rb8+ Ka7 40. Rh8
Rxb2 41. Be5 Rb1+ 42. Kf2 Ng4+ 43. Kxf3 Nxe5+ 44. Ke4 Re1+ 45. Kf5 Nxc4 46.
Rxh7+ Ka6 47. Rh4 Kb5 0-1

[Event "12th Philadelphia International"]
[Site "Philadelphia"]
[Date "2018.07.01"]
[Round "6"]
[White "Liang, Hairan"]
[Black "Wang, Qibiao"]
[Result "0-1"]
[WhiteElo "2169"]
[BlackElo "2337"]
[PlyCount "86"]
[EventDate "2018.06.??"]
[EventType "swiss"]
[EventRounds "9"]
[EventCountry "USA"]

1. Nf3 d5 2. g3 g6 3. Bg2 Bg7 4. O-O e5 5. d3 Ne7 6. e4 O-O 7. Nbd2 Nbc6 8. Re1
a5 9. Nf1 h6 10. h4 Be6 11. h5 dxe4 12. dxe4 Qxd1 13. Rxd1 Nb4 14. Ne3 Nxa2 15.
Bd2 Nb4 16. Rxa5 Rxa5 17. Bxb4 Nc6 18. Bxa5 Nxa5 19. b4 Nc6 20. c3 Ne7 21. Bf1
gxh5 22. Nh4 Bf6 23. Nhf5 Bg5 24. Be2 Nxf5 25. Nxf5 Ra8 26. Bxh5 Ra2 27. f4
exf4 28. gxf4 Bxf4 29. Rd8+ Kh7 30. Rf8 Rc2 31. Nd4 Be3+ 32. Kh1 Bxd4 33. cxd4
Kg7 34. Re8 c6 35. Re7 b5 36. Bf3 Rd2 37. e5 Rxd4 38. Bxc6 Rxb4 39. Rb7 Rc4 40.
Bg2 Rc5 41. Kh2 Rxe5 42. Bc6 Bc4 43. Kg3 Bd5 0-1

[Event "12th Philadelphia International"]
[Site "Philadelphia"]
[Date "2018.07.01"]
[Round "6"]
[White "Dukic, Zachary"]
[Black "Niemann, Hans"]
[Result "1/2-1/2"]
[WhiteElo "2118"]
[BlackElo "2313"]
[PlyCount "84"]
[EventDate "2018.06.??"]
[EventType "swiss"]
[EventRounds "9"]
[EventCountry "USA"]

1. e4 e6 2. d4 d5 3. Nc3 Nf6 4. e5 Nfd7 5. f4 c5 6. Nf3 Nc6 7. Be3 cxd4 8. Nxd4
Bc5 9. Qd2 O-O 10. O-O-O Bxd4 11. Bxd4 a6 12. Bf2 b5 13. g4 b4 14. Ne2 f6 15.
Nd4 Nxd4 16. Bxd4 fxe5 17. fxe5 a5 18. h4 Qc7 19. Qe3 a4 20. Kb1 b3 21. cxb3
axb3 22. Qxb3 Ba6 23. Bxa6 Rxa6 24. Rhf1 Rxf1 25. Rxf1 Nxe5 26. Bxe5 Qxe5 27.
Qb7 Qe4+ 28. Ka1 Rxa2+ 29. Kxa2 Qc4+ 30. Ka3 Qxf1 31. b4 Qd3+ 32. Ka4 h6 33.
Qc8+ Kf7 34. Qd7+ Kf6 35. g5+ hxg5 36. hxg5+ Kxg5 37. Qxg7+ Kf4 38. Qh6+ Ke5
39. Qg7+ Kd6 40. Qf8+ Kd7 41. Qf7+ Kd6 42. Qf8+ Ke5 1/2-1/2

[Event "12th Philadelphia International"]
[Site "Philadelphia"]
[Date "2018.07.01"]
[Round "6"]
[White "Zong, Davis"]
[Black "Sarkar, Justin"]
[Result "1/2-1/2"]
[WhiteElo "2009"]
[BlackElo "2297"]
[PlyCount "38"]
[EventDate "2018.06.??"]
[EventType "swiss"]
[EventRounds "9"]
[EventCountry "USA"]

1. e4 e5 2. Nf3 Nc6 3. Bc4 Be7 4. O-O d6 5. c3 Nf6 6. d3 O-O 7. Bb3 Bg4 8. h3
Bh5 9. Nbd2 Nd7 10. Re1 Nc5 11. Bc2 Ne6 12. Nf1 Ng5 13. Bxg5 Bxg5 14. Ng3 Bg6
15. Nxg5 Qxg5 16. Qg4 Qxg4 17. hxg4 f6 18. Bb3+ Bf7 19. Bxf7+ Rxf7 1/2-1/2

[Event "12th Philadelphia International"]
[Site "Philadelphia"]
[Date "2018.07.01"]
[Round "6"]
[White "Colas, Joshua"]
[Black "Lux, Hugo de Melo"]
[Result "1-0"]
[WhiteElo "2285"]
[BlackElo "2154"]
[PlyCount "75"]
[EventDate "2018.06.??"]
[EventType "swiss"]
[EventRounds "9"]
[EventCountry "USA"]

1. Nf3 Nf6 2. c4 c5 3. b3 g6 4. Bb2 Bg7 5. g3 O-O 6. Bg2 d6 7. O-O e5 8. Nc3
Nc6 9. e3 Bf5 10. d4 e4 11. Ne1 Re8 12. Nc2 h5 13. Re1 Nh7 14. h4 Bg4 15. Qd2
f5 16. Ba3 b6 17. b4 Rc8 18. Nd5 g5 19. hxg5 Nxg5 20. Nf4 cxb4 21. Nxb4 Na5 22.
Nbd5 Nxc4 23. Qb4 a5 24. Qb3 Kh7 25. Rec1 b5 26. Qxb5 Nxa3 27. Qb3 Nc2 28. Rxc2
Rxc2 29. Qxc2 Qc8 30. Qa4 Qb8 31. Qxa5 Qb2 32. Qc3 Qxc3 33. Nxc3 Ra8 34. a4 Bf6
35. a5 Bd8 36. a6 Kg7 37. Nb5 Kf6 38. Nd5+ 1-0

[Event "12th Philadelphia International"]
[Site "Philadelphia"]
[Date "2018.07.01"]
[Round "6"]
[White "Zhang, Yuanchen"]
[Black "Polgar-Shutzman, Tom"]
[Result "1/2-1/2"]
[WhiteElo "2280"]
[BlackElo "2081"]
[PlyCount "95"]
[EventDate "2018.06.??"]
[EventType "swiss"]
[EventRounds "9"]
[EventCountry "USA"]

1. d4 Nf6 2. c4 e6 3. Nc3 Bb4 4. e3 O-O 5. Bd3 c5 6. Nf3 d5 7. O-O dxc4 8. Bxc4
cxd4 9. exd4 b6 10. Bg5 Bb7 11. Rc1 h6 12. Bh4 Nc6 13. a3 Be7 14. Ba2 Rc8 15.
Bg3 Nh5 16. d5 exd5 17. Nxd5 Nxg3 18. hxg3 Bf6 19. Re1 Nb8 20. Rxc8 Bxc8 21.
Nxf6+ Qxf6 22. Qd4 Qxd4 23. Nxd4 a6 24. Re7 g6 25. Nf3 Nd7 26. Ne5 Nxe5 27.
Rxe5 Kg7 28. Re7 a5 29. Rc7 Ba6 30. Kh2 g5 31. g4 Bd3 32. Rd7 Be2 33. Kg3 b5
34. Rc7 Kg6 35. Rc6+ Kg7 36. Rc7 Kg6 37. f3 Bd3 38. Rc6+ Kg7 39. Rd6 Bg6 40.
Rb6 Bd3 41. Rd6 Bg6 42. Ra6 a4 43. Rb6 Bd3 44. Rd6 Bg6 45. Rb6 Bd3 46. Rb7 Kf6
47. Kf2 Re8 48. Rxf7+ 1/2-1/2

[Event "12th Philadelphia International"]
[Site "Philadelphia"]
[Date "2018.07.01"]
[Round "6"]
[White "Umesh Lalwani"]
[Black "Shaffer, Alexander"]
[Result "0-1"]
[WhiteElo "1580"]
[BlackElo "1955"]
[PlyCount "98"]
[EventDate "2018.06.??"]
[EventType "swiss"]
[EventRounds "9"]
[EventCountry "USA"]

1. e4 c5 2. Nf3 e6 3. d4 cxd4 4. Nxd4 Nf6 5. Nc3 d6 6. Be2 Nc6 7. Be3 Be7 8.
O-O O-O 9. f4 a6 10. Bf3 Qc7 11. Kh1 Nxd4 12. Bxd4 e5 13. Be3 exf4 14. Bxf4 Be6
15. Qe1 Nd7 16. Nd5 Bxd5 17. exd5 Bf6 18. c3 Rfe8 19. Qf2 Ne5 20. Be2 Ng6 21.
Bg3 Be5 22. Bd3 Bxg3 23. Qxg3 Re5 24. Bxg6 hxg6 25. Rad1 Rae8 26. Rd3 Re2 27.
b3 Rxa2 28. Re3 Re2 29. Rxe8+ Rxe8 30. Qf2 Re5 31. Qd4 Qe7 32. Kg1 Qg5 33. c4
Re2 34. Rf2 Qc1+ 35. Rf1 Re1 36. Qf2 Rxf1+ 37. Qxf1 Qxf1+ 38. Kxf1 Kf8 39. Ke2
Ke7 40. Kd3 a5 41. Kd4 b6 42. Ke4 Kf6 43. h4 g5 44. g3 gxh4 45. gxh4 Kg6 46.
Kf4 Kh5 47. Kg3 g5 48. hxg5 Kxg5 49. Kf3 Kf5 0-1

[Event "12th Philadelphia International"]
[Site "Philadelphia"]
[Date "2018.07.01"]
[Round "7.1"]
[White "Kovalyov, Anton"]
[Black "Sevian, Samuel"]
[Result "1/2-1/2"]
[WhiteElo "2651"]
[BlackElo "2624"]
[PlyCount "87"]
[EventDate "2018.06.??"]
[EventType "swiss"]
[EventRounds "9"]
[EventCountry "USA"]

1. c4 e5 2. Nc3 Nf6 3. Nf3 Nc6 4. e3 Bb4 5. Qc2 Bxc3 6. Qxc3 Qe7 7. b3 d5 8. d4
exd4 9. Nxd4 Nxd4 10. Qxd4 c5 11. Qf4 O-O 12. Bb2 d4 13. O-O-O dxe3 14. Re1 Qe4
15. Qxe3 Bf5 16. Qxe4 Nxe4 17. Re2 Rfe8 18. f3 Nd6 19. g4 Bg6 20. h3 f6 21.
Rhh2 Rxe2 22. Bxe2 Re8 23. Bd1 Nf7 24. Rd2 Rd8 25. Rxd8+ Nxd8 26. Kd2 Kf8 27.
Bc3 Ke7 28. Ke3 Nf7 29. f4 Nd6 30. f5 Bf7 31. Kf4 h6 32. h4 b6 33. Bf3 Kd7 34.
Bb2 Kd8 35. Be2 Ke7 36. Bd3 Kd7 37. Bc3 Ke7 38. Be1 Kd7 39. Bg3 Ke7 40. Ke3 Be8
41. Kf4 Bf7 42. Bf2 Kd7 43. a3 a5 44. a4 1/2-1/2

[Event "12th Philadelphia International"]
[Site "Philadelphia"]
[Date "2018.07.01"]
[Round "7.2"]
[White "Puranik, Abhimanyu"]
[Black "Sadorra, Julio Catalino"]
[Result "1/2-1/2"]
[WhiteElo "2507"]
[BlackElo "2546"]
[PlyCount "54"]
[EventDate "2018.06.??"]
[EventType "swiss"]
[EventRounds "9"]
[EventCountry "USA"]

1. e4 e6 2. d4 d5 3. Nd2 c5 4. exd5 Qxd5 5. Ngf3 cxd4 6. Bc4 Qd7 7. O-O Nc6 8.
Nb3 a6 9. Nbxd4 Nxd4 10. Nxd4 Qc7 11. Qe2 Bd6 12. h3 Ne7 13. Re1 O-O 14. c3 Ng6
15. Bb3 b5 16. a4 Bb7 17. axb5 Nh4 18. f3 axb5 19. Rxa8 Bxa8 20. Be3 b4 21. Bf2
Ng6 22. Nb5 Bh2+ 23. Kh1 Qb8 24. Ba7 Qg3 25. Bf2 Qb8 26. Ba7 Qg3 27. Bf2 Qb8
1/2-1/2